000
00283nam a2200121Ia 4500
008
191201s2020 xx 000 0 und d
100
_a
TANEJA,SP
245
0
_a
Modern physics for engineers
260
_b
R.Chand
_c
2020
300
_a
MISC
650
_a
B.Tech(ECE)
942
_2
ddc
_c
BK
_0
8
999
_c
7078
_d
7078